| 000 | 00601nam a2200181Ia 4500 | ||
|---|---|---|---|
| 008 | 190511s9999 xx 000 0 und d | ||
| 100 | _aBoyle, Randall J. | ||
| 245 | _aMeasuring deception: A look at antecedents to deceptive intent / | ||
| 245 | _cRandall J. Boyle, Jeffrey A. Clements, and Jeffrey Gainer Proudfoot.-- | ||
| 260 | _bUniversity of Illinois Press | ||
| 260 | _c2018 | ||
| 300 | _aPages 347-367, Fall 2018 | ||
| 440 |
_aJournal of Psychology _v131 (3) |
||
| 650 | _aDeception | ||
| 650 | _aDeceptive beliefs | ||
| 650 | _aDeceptive communication | ||
| 650 | _aUnethical behavior | ||
| 999 |
_c361839 _d361839 |
||